[Event "AUTO-ADV-2057"]
[Site "http://www.queenalice.com/game.php?id=894339"]
[Date "2011.2.1"]
[Round "1"]
[White "Brainlesspawn"]
[Black "luizimbroisi"]
[Result "1/2-1/2"]
[WhiteElo "2008"]
[BlackElo "1792"]

1. e4 e5 2. Nf3 Nc6 3. Bc4 Nf6 4. Nc3 Bc5 5. O-O d6 6. d3 O-O 7. Bg5 h6 8. Bh4
Be6 9. Nd5 Bxd5 10. Bxd5 Rb8 11. a3 Nd4 12. c3 Nxf3+ 13. Qxf3 c6 14. Bxf6 gxf6
15. Ba2 Qe7 16. Qh5 Kh7 17. Kh1 Rg8 18. Rae1 Rg5 19. Qxf7+ Qxf7 20. Bxf7 h5 21.
f4 exf4 22. Rxf4 Rf8 23. Bb3 Kg6 24. Ref1 Be3 25. R4f3 Bb6 26. Bc2 Bd8 27. d4
Kh6 28. h4 Rg4 29. g3 Rfg8 30. Kh2 f5 31. exf5 Bxh4 32. gxh4 Rg2+ 33. Kh3 Rxc2
34. R3f2 1/2-1/2

[Event "AUTO-ADV-2057"]
[Site "http://www.queenalice.com/game.php?id=894344"]
[Date "2011.2.1"]
[Round "1"]
[White "yclaudiu35"]
[Black "Brainlesspawn"]
[Result "1-0"]
[WhiteElo "1874"]
[BlackElo "1999"]

1. e4 c5 2. Nf3 d6 3. d4 cxd4 4. Nxd4 Nf6 5. f3 Nc6 6. Bb5 Bd7 7. Bxc6 bxc6 8.
O-O e6 9. Bg5 Be7 10. c3 Qb6 11. Qb3 Qxb3 12. axb3 c5 13. Nc2 O-O 14. Rd1 Kh8
15. Bxf6 gxf6 16. Nba3 Rg8 17. Nc4 d5 18. exd5 exd5 19. Rxd5 Be6 20. Rd2 f5 21.
N2e3 Bg5 22. Rd3 Bxe3+ 23. Rxe3 f4 24. Re5 Bh3 25. Re2 Rg7 26. Ra5 Rag8 27. Rxa7
Bxg2 28. Kf2 Bh3 29. Ke1 Rg1+ 30. Kd2 Bf1 31. Rf2 R1g2 32. Ke1 Bxc4 33. bxc4
Rxf2 34. Kxf2 Kg7 35. Ra5 Rb8 36. Rb5 Rc8 37. Rb6 f6 38. Ke2 Re8+ 39. Kf2 h5 40.
b4 cxb4 41. cxb4 Kf7 42. b5 Ra8 43. Ra6 Rd8 44. c5 Rd2+ 45. Kg1 Ke7 46. c6 Rc2
47. Ra7+ Kd6 48. Rf7 Rc5 49. Rxf6+ Kc7 50. Rf7+ Kc8 51. Rb7 h4 52. Kg2 Rc3 53.
Rh7 Rb3 54. Rxh4 Rxb5 55. Rxf4 Kc7 56. h4 Kxc6 57. Kg3 1-0

[Event "AUTO-ADV-2057"]
[Site "http://www.queenalice.com/game.php?id=894345"]
[Date "2011.2.1"]
[Round "1"]
[White "Brainlesspawn"]
[Black "yclaudiu35"]
[Result "0-1"]
[WhiteElo "2005"]
[BlackElo "1831"]

1. e4 e5 2. Nf3 Nc6 3. Bb5 Qf6 4. Nc3 Nge7 5. Bxc6 dxc6 6. d3 h6 7. O-O Bg4 8.
h3 Bxf3 9. Qxf3 Qxf3 10. gxf3 Ng6 11. Kh2 O-O-O 12. Ne2 Nh4 13. f4 g5 14. fxg5
hxg5 15. Bxg5 Nf3+ 16. Kg3 Nxg5 17. h4 Ne6 18. f4 exf4+ 19. Nxf4 Bd6 20. Kg4
Nxf4 0-1

[Event "AUTO-MASTER-1335"]
[Site "http://www.queenalice.com/game.php?id=894724"]
[Date "2011.2.2"]
[Round "1"]
[White "Famelo"]
[Black "Brainlesspawn"]
[Result "1-0"]
[WhiteElo "2137"]
[BlackElo "1980"]

1. f4 d5 2. Nf3 Nf6 3. e3 e6 4. d4 Ne4 5. Bd3 c5 6. c3 b6 7. O-O Be7 8. Nbd2
Nxd2 9. Bxd2 c4 10. Bc2 Nd7 11. Ne5 Qc7 12. e4 Bb7 13. exd5 Bxd5 14. Qe2 Nf6 15.
f5 O-O 16. Bf4 Bd6 17. Rac1 b5 18. Rce1 Rab8 19. Bg5 Nd7 20. f6 g6 21. Qe3 Nxe5
22. Qh3 Nc6 23. Be4 b4 24. Qh6 Bxh2+ 25. Kh1 1-0

[Event "AUTO-MASTER-1335"]
[Site "http://www.queenalice.com/game.php?id=894725"]
[Date "2011.2.2"]
[Round "1"]
[White "Brainlesspawn"]
[Black "Famelo"]
[Result "1/2-1/2"]
[WhiteElo "2001"]
[BlackElo "2188"]

1. e4 d6 2. d4 Nf6 3. Nc3 g6 4. f4 Bg7 5. Nf3 O-O 6. Bd3 Nc6 7. h3 Nh5 8. g4 Nf6
9. Be3 a6 10. Qd2 b5 11. a3 b4 12. axb4 Nxb4 13. Be2 c5 14. dxc5 dxc5 15. Bxc5
Qxd2+ 16. Kxd2 Nc6 17. e5 Rd8+ 18. Ke1 Nd5 19. Nxd5 Rxd5 20. Be3 Nb4 21. c4 Rd7
22. Kf2 Nc2 23. Ra4 Nxe3 24. Kxe3 Bb7 25. b4 Rad8 26. c5 Bxf3 27. Kxf3 g5 28.
Rxa6 gxf4 29. Kxf4 Rd4+ 30. Kf3 Rxb4 31. e6 fxe6 32. Rxe6 Kf7 33. Rb6 Rxb6 34.
cxb6 Rb8 35. Rb1 Bd4 36. b7 Be5 37. Ke4 Bd6 38. Kd5 Bg3 39. Kc6 Ke8 40. Rb5 h6
41. Rh5 Bf4 42. g5 Bxg5 43. Rxg5 hxg5 44. Kc7 Rxb7+ 45. Kxb7 Kd7 46. Kb6 Kd6 47.
Bf3 Ke5 48. Kc5 Kf4 49. Bg4 1/2-1/2

[Event "AUTO-MASTER-1335"]
[Site "http://www.queenalice.com/game.php?id=894736"]
[Date "2011.2.2"]
[Round "1"]
[White "secretguy"]
[Black "Brainlesspawn"]
[Result "1/2-1/2"]
[WhiteElo "2327"]
[BlackElo "1987"]

1. Nf3 d5 2. g3 c5 3. Bg2 Nc6 4. O-O e6 5. d4 Nf6 6. c3 Be7 7. e3 O-O 8. Nbd2
cxd4 9. exd4 Bd7 10. Re1 b5 11. a3 Na5 12. b3 Rc8 13. Bb2 Re8 14. Ne5 Nc6 15.
Rc1 Rc7 16. Bf1 a6 17. Nxc6 Rxc6 18. c4 bxc4 19. bxc4 Qb8 20. cxd5 Nxd5 21. Rxc6
Bxc6 22. Bc1 Bb5 23. Ne4 Bxf1 24. Kxf1 Nf6 25. Kg1 Rd8 26. Qa4 Qb5 27. Qxb5 axb5
28. Nc3 b4 29. axb4 Bxb4 30. Bb2 Nd5 31. Rc1 Bxc3 32. Bxc3 Rc8 33. Bd2 Rxc1+ 34.
Bxc1 Nc3 35. Kf1 Ne4 36. Ke2 f5 37. f3 Nf6 38. Kd3 h6 39. Ba3 g5 40. Bd6 Kf7 41.
Kc4 Nd7 42. Kd3 Kf6 43. Ke3 e5 44. g4 exd4+ 45. Kxd4 fxg4 46. fxg4 Kg6 1/2-1/2

[Event "AUTO-MASTER-1335"]
[Site "http://www.queenalice.com/game.php?id=894737"]
[Date "2011.2.2"]
[Round "1"]
[White "Brainlesspawn"]
[Black "secretguy"]
[Result "0-1"]
[WhiteElo "1979"]
[BlackElo "2317"]

1. d4 Nf6 2. c4 e6 3. Nc3 Bb4 4. e3 O-O 5. a3 Bxc3+ 6. bxc3 c5 7. Bd3 Qa5 8. Qc2
Nc6 9. Nf3 d6 10. O-O Bd7 11. e4 e5 12. d5 Ne7 13. Bg5 Ng6 14. Bxf6 gxf6 15. Qd2
Kg7 16. h3 Rfe8 17. Nh2 Nf4 18. Ng4 Rh8 19. Kh2 h5 20. Ne3 Kf8 21. Nf5 Bxf5 22.
exf5 h4 23. Be2 Nxe2 24. Qxe2 Qxc3 25. Rfc1 Qd4 26. Re1 Qf4+ 27. Kg1 Qxf5 28.
Rac1 Re8 29. Rc3 Rg8 30. Rf3 Qg5 31. g4 f5 32. Qe3 fxg4 33. Qxg5 Rxg5 34. hxg4
Rxg4+ 35. Kh2 Rxc4 36. Rf6 Ke7 37. Rh6 Rg8 38. Re3 b5 39. Rh3 Rgg4 40. Rf3 Rcf4
41. Rxf4 Rxf4 42. Kg2 c4 43. Kf1 a5 44. Rh8 c3 45. Rc8 Rc4 46. Rxc4 bxc4 0-1

[Event "AUTO-MASTER-1335"]
[Site "http://www.queenalice.com/game.php?id=894744"]
[Date "2011.2.2"]
[Round "1"]
[White "Brainlesspawn"]
[Black "mahjones"]
[Result "1-0"]
[WhiteElo "1978"]
[BlackElo "2155"]

1. d4 d5 2. c4 e5 3. dxe5 d4 4. Nf3 Nc6 5. g3 Bg4 6. Bg2 Qd7 7. O-O O-O-O 8. a3
Nge7 9. b4 Ng6 10. Bg5 Re8 11. b5 Bxf3 12. bxc6 Bxc6 13. Bxc6 bxc6 14. Nd2 h6
15. Bf4 Nxf4 16. gxf4 Qg4+ 17. Kh1 Qxf4 18. Nf3 Bc5 19. Qa4 Kd7 20. Rad1 g5 21.
Nxd4 Bxd4 22. Rxd4+ Qxd4 23. Rd1 Qxd1+ 24. Qxd1+ Kc8 25. Qd4 Re6 26. Qxa7 Rhe8
27. e3 Rxe5 28. a4 f5 29. c5 f4 30. Qa6+ Kd7 31. exf4 gxf4 32. Qc4 Re4 33. Qd3+
Kc8 34. a5 Kb7 35. Kg2 1-0

[Event "AUTO-MASTER-1335"]
[Site "http://www.queenalice.com/game.php?id=894745"]
[Date "2011.2.2"]
[Round "1"]
[White "mahjones"]
[Black "Brainlesspawn"]
[Result "0-1"]
[WhiteElo "2191"]
[BlackElo "1944"]

1. e4 c5 2. Nf3 d6 3. d4 cxd4 4. Nxd4 Nf6 5. Nc3 a6 6. Be2 e6 7. Be3 Be7 8. f4
Nc6 9. Qd2 O-O 10. a3 Nxd4 11. Bxd4 b5 12. O-O-O Bb7 13. Bf3 Rc8 14. Rde1 Nd7
15. g4 Nb6 16. Qf2 Bh4 17. Qg1 Na4 18. Rd1 Be7 19. Nxa4 bxa4 20. g5 Qc7 21. c3
e5 22. Be3 d5 23. exd5 Bxa3 24. Qf2 Qxc3+ 0-1

[Event "Challenge"]
[Site "http://www.queenalice.com/game.php?id=909492"]
[Date "2011.3.7"]
[Round "-"]
[White "Brainlesspawn"]
[Black "eddval"]
[Result "1/2-1/2"]
[WhiteElo "1978"]
[BlackElo "2138"]

1. e4 e5 2. Nf3 Nc6 3. Bb5 a6 4. Ba4 Nf6 5. Nc3 b5 6. Bb3 Bb4 7. Nd5 d6 8. Nxb4
Nxb4 9. a3 Nc6 10. Ng5 O-O 11. d3 h6 12. Nf3 d5 13. exd5 Nxd5 14. O-O Bg4 15. h3
Bh5 16. Re1 Re8 17. Bd2 Qd6 18. c4 Nf6 19. cxb5 axb5 20. Rc1 Nd4 21. g4 Nxf3+
22. Qxf3 Bg6 23. Bc3 Nd7 24. Bd5 Rac8 25. Be4 c6 26. Bxg6 Qxg6 27. Qe4 Qd6 28.
d4 exd4 29. Qxd4 Qxd4 30. Bxd4 Rxe1+ 31. Rxe1 1/2-1/2

[Event "Challenge"]
[Site "http://www.queenalice.com/game.php?id=930862"]
[Date "2011.4.27"]
[Round "-"]
[White "gustavline"]
[Black "Brainlesspawn"]
[Result "1-0"]
[WhiteElo "1909"]
[BlackElo "1995"]

1. d4 Nf6 2. Nf3 g6 3. Nc3 d5 4. Bg5 Bg7 5. e3 Nbd7 6. Bd3 O-O 7. Bxf6 Nxf6 8.
O-O c6 9. Re1 e6 10. Ne2 Qc7 11. Ng3 Re8 12. c3 Nd7 13. e4 b6 14. e5 Bb7 15. a3
c5 16. Rc1 c4 17. Bb1 Bc6 18. Ng5 Bh6 19. Qg4 Qd8 20. f4 Bxg5 21. fxg5 a5 22.
Nh5 b5 23. Nf6+ Nxf6 24. gxf6 h5 25. Qg5 Kh7 26. Re3 Rh8 27. Rh3 Kg8 28. Bxg6
Kf8 29. Bxh5 Rg8 30. Qh6+ Ke8 31. Qh7 Kd7 32. Qxf7+ Kc8 33. Rf1 Kb8 34. Qh7 Ra7
35. Qc2 Be8 36. f7 Bxf7 37. Bxf7 Rg7 38. Rhf3 1-0

[Event "AUTO-MASTER-1398"]
[Site "http://www.queenalice.com/game.php?id=932303"]
[Date "2011.4.30"]
[Round "1"]
[White "Brainlesspawn"]
[Black "cinics"]
[Result "0-1"]
[WhiteElo "2002"]
[BlackElo "2233"]

1. e4 c5 2. Nf3 Nc6 3. d4 cxd4 4. Nxd4 e5 5. Nb5 d6 6. c4 a6 7. N5c3 Be6 8. Be3
Nf6 9. Nd2 Be7 10. Nd5 Bxd5 11. cxd5 Nd4 12. Bxd4 exd4 13. f3 Nd7 14. Nb3 Bf6
15. Bd3 Ne5 16. O-O Qb6 17. Kh1 O-O 18. Rc1 Rac8 19. Qd2 h6 20. h3 Rfe8 21. Be2
Nd7 22. a4 Qxb3 23. Bd1 Qe3 24. Qxe3 dxe3 25. Rb1 Bh4 26. Kh2 Bf2 27. b4 b5 28.
a5 Rc3 29. f4 Rxe4 0-1

[Event "AUTO-MASTER-1398"]
[Site "http://www.queenalice.com/game.php?id=932304"]
[Date "2011.4.30"]
[Round "1"]
[White "cinics"]
[Black "Brainlesspawn"]
[Result "1-0"]
[WhiteElo "2249"]
[BlackElo "1968"]

1. e4 c5 2. Nf3 d6 3. d4 cxd4 4. Nxd4 Nf6 5. Nc3 a6 6. Be2 e6 7. Be3 Be7 8. Qd2
O-O 9. O-O Bd7 10. f4 Nc6 11. Rad1 b5 12. a3 e5 13. Nxc6 Bxc6 14. Bf3 Rc8 15.
Qf2 Qc7 16. Rd2 Qb7 17. Nd5 Bxd5 18. exd5 e4 19. Be2 Nxd5 20. Rfd1 Nxe3 21. Qxe3
f5 22. Rd5 Rxc2 23. Qb3 Rxb2 24. Qxb2 Qb6+ 25. Qd4 Qb8 26. a4 bxa4 27. Qxa4 Qb6+
28. Kh1 g6 29. Bc4 Kh8 30. Qd7 Qd8 31. Qxd8 Rxd8 32. Bxa6 Ra8 33. Bf1 Ra2 34.
Rb5 Kg7 35. h3 Kf6 36. Bc4 Rf2 37. Rf1 Rc2 38. Bg8 h6 39. Rb7 Rd2 40. Rc1 e3 41.
Re1 e2 42. Bc4 Rd1 43. Rb1 1-0

[Event "AUTO-MASTER-1398"]
[Site "http://www.queenalice.com/game.php?id=932305"]
[Date "2011.4.30"]
[Round "1"]
[White "Brainlesspawn"]
[Black "TigranPetrosian"]
[Result "0-1"]
[WhiteElo "1953"]
[BlackElo "2189"]

1. e4 e6 2. d4 d5 3. Nc3 h6 4. exd5 exd5 5. Nf3 Nf6 6. Be2 Bg4 7. O-O Be7 8. Ne5
Bxe2 9. Qxe2 O-O 10. Re1 Re8 11. Qf3 c6 12. Ng4 Nbd7 13. Qg3 Nxg4 14. Qxg4 Nf6
15. Qf3 Bf8 16. Rxe8 Nxe8 17. Bf4 Bd6 18. Re1 Bxf4 19. Qxf4 Nf6 20. b3 Qa5 21.
Qd2 Re8 22. Rxe8+ Nxe8 23. f3 Nd6 24. a4 Nf5 25. Kf2 Qb4 26. Nb1 Qxd4+ 27. Qxd4
Nxd4 28. Na3 Kf8 29. Ke3 Ne6 30. c4 d4+ 31. Ke4 Ke7 32. b4 a5 33. bxa5 Kd6 34.
f4 Kc5 35. f5 Ng5+ 36. Kd3 Kb4 37. Nc2+ Kxa4 38. a6 bxa6 39. Nxd4 c5 40. Nc6 Kb3
41. Nd8 a5 42. Nb7 Kb4 43. Nd6 a4 44. Kc2 a3 45. Kb1 Kb3 46. h4 Nh7 47. Nxf7 Nf6
48. Ne5 h5 49. Ka1 Ne4 50. g4 Ng3 51. gxh5 Nxf5 52. Nf3 a2 53. Nd2+ Ka3 54. Ne4
Nd4 0-1

[Event "AUTO-MASTER-1398"]
[Site "http://www.queenalice.com/game.php?id=932306"]
[Date "2011.4.30"]
[Round "1"]
[White "TigranPetrosian"]
[Black "Brainlesspawn"]
[Result "1-0"]
[WhiteElo "2181"]
[BlackElo "1976"]

1. c4 c5 2. Nc3 Nc6 3. g3 g6 4. Bg2 Bg7 5. a3 Nf6 6. Rb1 Qc7 7. b4 d6 8. b5 Ne5
9. d3 Rb8 10. Nh3 O-O 11. O-O b6 12. Nf4 Bb7 13. e4 e6 14. Qc2 Rfd8 15. Bb2 Qe7
16. Rfe1 h5 17. h3 Rd7 18. Rbd1 a6 19. a4 axb5 20. axb5 g5 21. Nfe2 d5 22. exd5
exd5 23. f4 gxf4 24. Nxf4 d4 25. Ne4 Nxe4 26. Bxe4 Qg5 27. Qg2 h4 28. Bc1 Qxg3
29. Qxg3 hxg3 30. Kg2 f5 31. Bxb7 Rbxb7 32. Kxg3 Bh6 33. Rxe5 1-0

[Event "AUTO-MASTER-1398"]
[Site "http://www.queenalice.com/game.php?id=932307"]
[Date "2011.4.30"]
[Round "1"]
[White "Brainlesspawn"]
[Black "chessman"]
[Result "1-0"]
[WhiteElo "1984"]
[BlackElo "2036"]

1. e4 e6 2. d4 d5 3. Nc3 Nf6 4. Bg5 Be7 5. e5 Nfd7 6. Bxe7 Qxe7 7. Nf3 a6 8. Be2
c5 9. dxc5 Qxc5 10. O-O Nc6 11. Re1 O-O 12. Bd3 Ncxe5 13. Nxe5 1-0

[Event "AUTO-MASTER-1398"]
[Site "http://www.queenalice.com/game.php?id=932308"]
[Date "2011.4.30"]
[Round "1"]
[White "chessman"]
[Black "Brainlesspawn"]
[Result "1-0"]
[WhiteElo "2102"]
[BlackElo "1963"]

1. e4 c5 2. Nf3 d6 3. Bb5+ Bd7 4. Bxd7+ Qxd7 5. O-O Nc6 6. c3 Nf6 7. Re1 e6 8.
d4 cxd4 9. cxd4 d5 10. e5 Ne4 11. Nbd2 Nxd2 12. Bxd2 Rc8 13. a3 Be7 14. Bc3 O-O
15. Qd3 f6 16. Qe3 fxe5 17. Nxe5 Nxe5 18. Qxe5 Rf6 19. Rac1 Rcf8 20. f3 Bd6 21.
Qe2 Rh6 22. h3 Bg3 23. Red1 Qd6 24. Bb4 Qf4 25. Bxf8 Qxf8 26. Rd3 Qf4 27. Rdc3
Qxd4+ 28. Kh1 Qb6 29. Rc8+ Kf7 30. Qc2 a6 31. b4 Bd6 32. Qa4 Bf4 33. Qd7+ Kf6
34. Rf8+ Kg5 35. Qxg7+ Rg6 36. Qxh7 Bxc1 37. h4# 1-0

[Event "Challenge"]
[Site "http://www.queenalice.com/game.php?id=932402"]
[Date "2011.4.30"]
[Round "-"]
[White "Brainlesspawn"]
[Black "Gatsby57"]
[Result "1-0"]
[WhiteElo "1946"]
[BlackElo "1885"]

1. e4 e5 2. Nf3 Nc6 3. Bc4 Bc5 4. O-O Qf6 5. c3 d6 6. a4 Na5 7. Ba2 Be6 8. b4
Bxa2 9. Rxa2 Qe6 10. Qc2 Nc6 11. bxc5 dxc5 12. d3 h6 13. Nh4 Nge7 14. f4 Qg4 15.
Qf2 g5 16. fxg5 hxg5 17. Qxf7+ Kd7 18. Ng6 Rh3 19. Nf8+ Rxf8 20. Qxf8 Rxd3 21.
Rd2 c4 22. Rxd3+ cxd3 23. Qf3 Qxf3 24. Rxf3 Ke6 25. Rxd3 g4 26. Nd2 Ng6 27. g3
a6 28. Nc4 b5 29. axb5 axb5 30. Ne3 b4 31. Nxg4 b3 32. Rd5 Nce7 33. Rb5 1-0

[Event "Challenge"]
[Site "http://www.queenalice.com/game.php?id=969835"]
[Date "2011.8.7"]
[Round "-"]
[White "Gatsby57"]
[Black "Brainlesspawn"]
[Result "1-0"]
[WhiteElo "1842"]
[BlackElo "1960"]

1. d4 Nf6 2. Nf3 e6 3. e3 d5 4. Bd3 c5 5. c3 Nc6 6. Nbd2 c4 7. Bc2 Bd6 8. O-O
O-O 9. Re1 b5 10. e4 Re8 11. e5 1-0

[Event "AUTO-ADV-2057"]
[Site "http://www.queenalice.com/game.php?id=1005851"]
[Date "2011.11.6"]
[Round "2"]
[White "msbasso01"]
[Black "Brainlesspawn"]
[Result "1-0"]
[WhiteElo "2097"]
[BlackElo "1939"]

1. e4 c5 2. Nc3 Nc6 3. g3 g6 4. Bg2 Bg7 5. Nge2 d6 6. O-O e6 7. d3 a6 8. Be3
Nge7 9. Qd2 O-O 10. Bh6 Ne5 11. h3 f5 12. Bxg7 1-0

[Event "AUTO-ADV-2057"]
[Site "http://www.queenalice.com/game.php?id=1005852"]
[Date "2011.11.6"]
[Round "2"]
[White "Brainlesspawn"]
[Black "msbasso01"]
[Result "0-1"]
[WhiteElo "1929"]
[BlackElo "2105"]

1. e4 c6 2. d4 d5 3. Nc3 dxe4 4. Nxe4 Nf6 5. Nxf6+ exf6 6. Bc4 Bd6 7. Nf3 O-O 8.
O-O Nd7 9. c3 Nb6 10. Bb3 Re8 11. Bd2 Be6 12. Re1 Qd7 0-1